000 00798nam a2200241 a 4500
001 52356
003 BD-RjUL
005 20211209075807.0
008 160919s1979 bg ||||| |||| 00| 0 ben d
020 _c: Tk. 40.00
035 _a(BD-RjUL)52476
040 _aBD-RjUL
_bben
_cBD-RjUL
041 _aben
082 _223
_a344.01125
_bKHS 1979
100 1 _aখান, এ. এ.
_9123664
245 1 0 _aশ্রম ও শিল্প আইন /
_cএ. এ. খান
250 _a১ম সং
260 _aঢাকা :
_bখোশরোজ কিতাব মহল,
_c১৯৭৬ [মুদ্রণ১৯৭৯]
300 _a(১৫), ৩৩১ পৃ. ;
_c২১ সেমি
650 _aশ্রম আইন
_9123665
650 _aLabour Law
_9123666
942 _2ddc
_cBK
999 _c52356
_d52356